| Tag |
First Indicator |
Second Indicator |
Subfields |
| LEADER |
00000cam a2200000 a 4500 |
| 001 |
in00002017439 |
| 005 |
20211202202810.0 |
| 008 |
041202s2004 dcu b f000 0 eng c |
| 035 |
|
|
|a (OCoLC)ocm57145768
|
| 040 |
|
|
|a GPO
|c GPO
|d MvI
|d UtOrBLW
|
| 042 |
|
|
|a pcc
|
| 043 |
|
|
|a n-us---
|
| 049 |
|
|
|a UDOC
|
| 049 |
|
|
|a WWW
|
| 074 |
|
|
|a 0718-A-46
|
| 074 |
|
|
|a 0718-A-46 (online)
|
| 086 |
0 |
|
|a J 28.40:C 73
|
| 245 |
0 |
0 |
|a Community policing beyond the big cities.
|
| 264 |
|
1 |
|a Washington, DC :
|b U.S. Dept. of Justice, Office of Justice Programs, National Institute of Justice,
|c [2004]
|
| 300 |
|
|
|a 6 pages ;
|c 23 cm.
|
| 336 |
|
|
|a text
|b txt
|2 rdacontent
|
| 337 |
|
|
|a unmediated
|b n
|2 rdamedia
|
| 338 |
|
|
|a volume
|b nc
|2 rdacarrier
|
| 490 |
1 |
|
|a Research for policy
|
| 500 |
|
|
|a Title from cover.
|
| 500 |
|
|
|a Shipping list number: 2005-0042-P.
|
| 500 |
|
|
|a "Nov. 04."
|
| 500 |
|
|
|a "COPS, Community Oriented Policing Services, U.S. Department of Justice."
|
| 500 |
|
|
|a "This summary is based upon "COPS: Innovations in policing in American heartlands" by Marcia R. Chaiken"--P. 1.
|
| 500 |
|
|
|a Shipping List Date: 11/24/2004
|
| 504 |
|
|
|a Includes bibliographical references (pages 5-6).
|
| 500 |
|
|
|a "NCJ 205946"--P. [2] of cover.
|
| 530 |
|
|
|a Also available via Internet from the NCJRS Web site. Address as of 12/03/04: http://www.ncjrs.org/pdffiles1/nij/205946.pdf; current access available via PURL.
|
| 650 |
|
0 |
|a Police communication systems
|z United States.
|
| 650 |
|
0 |
|a Community policing
|z United States.
|
| 700 |
1 |
|
|a Chaiken, Marcia R.,
|d 1939-
|
| 710 |
2 |
|
|a COPS Program (U.S.)
|
| 710 |
2 |
|
|a National Institute of Justice (U.S.)
|
| 830 |
|
0 |
|a Research for policy.
|
| 856 |
4 |
1 |
|u https://purl.fdlp.gov/GPO/LPS55910
|t 0
|
| 999 |
|
|
|a MARS
|
| 999 |
f |
f |
|s 0f7a5dbe-e32b-36e8-a8fb-f8fc927e3b69
|i 0bcf17a0-9b4a-3fdd-b7dd-5c116d1d8c5a
|t 0
|
| 952 |
f |
f |
|a Texas A&M University
|b College Station
|c Electronic Resources
|d Available Online
|t 0
|e J 28.40:C 73
|h Superintendent of Documents classification
|
| 998 |
f |
f |
|a J 28.40:C 73
|t 0
|l Available Online
|